| 000 | 00434nam a2200181Ia 4500 | ||
|---|---|---|---|
| 001 | 13787 | ||
| 005 | 20260306164826.0 | ||
| 008 | 260306t2008||||xx |||||||||||||| ||spa|| | ||
| 041 | _aESP | ||
| 082 |
_a005.133PHP _bV34 2008 |
||
| 100 |
_aVaswani, Vikram _eAUT |
||
| 245 | 0 | _aPHP soluciones de programación | |
| 260 | _c2008 | ||
| 300 |
_a555 pƔginas : _c23 cm. |
||
| 650 | _aGEN | ||
| 654 | _aCCC | ||
| 942 |
_cLIB _dJUS _fJUS _2ddc _n |
||
| 999 |
_c13787 _d13787 |
||